| 000 | 004860000a22001930004500 | ||
|---|---|---|---|
| 999 |
_c48442 _d48442 |
||
| 001 | 1271 | ||
| 003 | CO-MdFUSB | ||
| 005 | 20180222182436.0 | ||
| 008 | 180212b xxu||||| |||| 00| 0 eng d | ||
| 020 | _a958-9120-49-0 | ||
| 040 | _cCO-MdBIC | ||
| 082 | 0 | 4 | _a413 P943 |
| 110 | 1 | _aProlibros | |
| 245 | 1 | 0 | _aLetras |
| 260 | _aSanta Fé de Bogotá : Prolibros | ||
| 300 | _a144 Pag. / 30 cm. | ||
| 505 | 0 | 0 | _aT1. Mi primer diccionario a-k - T2. Mi primer diccionario l-z |
| 942 | _cLGB | ||